Rural highway pavements, maintenance and reconstruction ; a discussion of general principles illustrated by current and recommended practice /

Bibliographic Details
Main Author: Harger, Wilson Gardner, 1882-
Format: Book
Language:English
Published: New York : McGraw-Hill, 1924.
Edition:1st ed.
Subjects:

MARC

Tag First Indicator Second Indicator Subfields
LEADER 00000cam a2200000 4500
001 in00000595113
005 20151014164124.0
008 760923s1924 nyuab 00110 eng
010 |a  24004490  
035 |a (OCoLC)02460624 
035 |9 ACS3544AM 
040 |a DLC  |c TOL  |d TXA  |d UtOrBLW 
049 |a TXAM  |c [267547] 
050 0 0 |a TE250  |b .H3 
092 |a 625.711  |b H223 
100 1 |a Harger, Wilson Gardner,  |d 1882- 
245 1 0 |a Rural highway pavements, maintenance and reconstruction ;  |b a discussion of general principles illustrated by current and recommended practice /  |c by Wilson G. Harger. 
250 |a 1st ed. 
264 1 |a New York :  |b McGraw-Hill,  |c 1924. 
300 |a xvi, 637 pages :  |b illustrations, maps (part folded) tables (1 folded) diagrams ;  |c 24 cm. 
336 |a text  |b txt  |2 rdacontent 
337 |a unmediated  |b n  |2 rdamedia 
338 |a volume  |b nc  |2 rdacarrier 
650 0 |a Pavements. 
650 0 |a Roads. 
999 |a MARS 
999 f f |s 5793a9a9-f61f-3aff-90a4-a6d597e70771  |i 3f7a4fa1-c81a-3d55-a0d1-7893dbf460d6  |t 0 
952 f f |p ric  |a Texas A&M University  |b Rellis Campus  |c Joint Library Facility  |d Remote Storage  |t 0  |e TE250 .H3  |h Library of Congress classification  |i unmediated -- volume  |m A14824018373 
998 f f |a TE250 .H3  |t 0  |l Remote Storage